[Event "Deutsche Ländermeisterschaft 2025"]
[Site "Oer-Erkenschwick GER"]
[Date "2025.10.03"]
[Round "5"]
[White "Shynkar, Daria"]
[Black "Ratushna, Olha"]
[Result "1/2-1/2"]
[Termination "normal"]
[Board "1.8"]
[WhiteElo "1922"]
[BlackElo "1650"]
[WhiteClock "00:38:02"]
[BlackClock "00:23:22"]
[WhiteTeam "Nordrhein-Westfalen 1"]
[BlackTeam "Bayern"]
[PlyCount "64"]
[WhiteFideId "34163212"]
[BlackFideId "34172602"]
[EventCountry "GER"]
[EventRounds "7"]
[EventType "team-swiss"]
[EventDate "2025.09.30"]

1. d4 {[%clk 01:30:59]} {[%emt 00:00:01]} Nf6 {[%clk 01:30:54]} {[%emt
00:00:06]} 2. c4 {[%clk 01:31:25]} {[%emt 00:00:03]} g6 {[%clk 01:31:21]}
{[%emt 00:00:04]} 3. Nc3 {[%clk 01:31:52]} {[%emt 00:00:03]} Bg7 {[%clk
01:31:46]} {[%emt 00:00:04]} 4. e4 {[%clk 01:32:18]} {[%emt 00:00:04]} d6
{[%clk 01:32:13]} {[%emt 00:00:03]} 5. h3 {[%clk 01:32:46]} {[%emt 00:00:03]}
O-O {[%clk 01:32:21]} {[%emt 00:00:22]} 6. Be3 {[%clk 01:33:12]} {[%emt
00:00:04]} e5 {[%clk 01:32:33]} {[%emt 00:00:18]} 7. d5 {[%clk 01:33:37]}
{[%emt 00:00:05]} Nbd7 {[%clk 01:31:27]} {[%emt 00:01:36]} 8. g4 {[%clk
01:34:02]} {[%emt 00:00:05]} Nc5 {[%clk 01:29:07]} {[%emt 00:02:50]} 9. f3
{[%clk 01:34:18]} {[%emt 00:00:13]} Ne8 {[%clk 01:22:17]} {[%emt 00:07:20]} 10.
Qd2 {[%clk 01:31:57]} {[%emt 00:02:52]} Qh4+ {[%clk 01:21:47]} {[%emt
00:01:00]} 11. Bf2 {[%clk 01:32:04]} {[%emt 00:00:22]} Qe7 {[%clk 01:21:58]}
{[%emt 00:00:17]} 12. Nge2 {[%clk 01:31:17]} {[%emt 00:01:20]} h6 {[%clk
01:20:50]} {[%emt 00:01:38]} 13. Ng3 {[%clk 01:29:28]} {[%emt 00:02:19]} Bd7
{[%clk 01:17:12]} {[%emt 00:04:07]} 14. h4 {[%clk 01:27:49]} {[%emt 00:02:10]}
Kh7 {[%clk 01:03:19]} {[%emt 00:14:23]} 15. Bd3 {[%clk 01:23:08]} {[%emt
00:05:12]} b6 {[%clk 01:02:25]} {[%emt 00:01:23]} 16. Be3 {[%clk 01:22:12]}
{[%emt 00:01:26]} a6 {[%clk 01:00:32]} {[%emt 00:02:23]} 17. Ke2 {[%clk
01:14:51]} {[%emt 00:07:51]} Rb8 {[%clk 00:56:32]} {[%emt 00:04:30]} 18. g5
{[%clk 01:13:43]} {[%emt 00:01:39]} h5 {[%clk 00:56:26]} {[%emt 00:00:36]} 19.
Raf1 {[%clk 01:13:45]} {[%emt 00:00:27]} Kg8 {[%clk 00:44:13]} {[%emt
00:12:44]} 20. Ke1 {[%clk 01:07:00]} {[%emt 00:07:15]} Bh8 {[%clk 00:41:03]}
{[%emt 00:03:40]} 21. Nge2 {[%clk 01:06:32]} {[%emt 00:00:57]} Bg7 {[%clk
00:38:15]} {[%emt 00:03:18]} 22. f4 {[%clk 01:02:03]} {[%emt 00:04:59]} exf4
{[%clk 00:38:04]} {[%emt 00:00:41]} 23. Rxf4 {[%clk 01:01:51]} {[%emt
00:00:41]} Be5 {[%clk 00:38:11]} {[%emt 00:00:22]} 24. Rf2 {[%clk 01:01:49]}
{[%emt 00:00:32]} Bg4 {[%clk 00:36:24]} {[%emt 00:02:18]} 25. Bf4 {[%clk
00:57:17]} {[%emt 00:05:02]} Bxe2 {[%clk 00:31:18]} {[%emt 00:05:37]} 26. Qxe2
{[%clk 00:57:29]} {[%emt 00:00:18]} Nd7 {[%clk 00:29:19]} {[%emt 00:02:29]} 27.
Rhf1 {[%clk 00:53:30]} {[%emt 00:04:28]} Bxf4 {[%clk 00:28:30]} {[%emt
00:01:20]} 28. Rxf4 {[%clk 00:53:53]} {[%emt 00:00:07]} Ne5 {[%clk 00:28:53]}
{[%emt 00:00:07]} 29. Qd2 {[%clk 00:49:23]} {[%emt 00:04:58]} Qd7 {[%clk
00:25:44]} {[%emt 00:03:41]} 30. Qe3 {[%clk 00:44:09]} {[%emt 00:05:43]} Rd8
{[%clk 00:24:25]} {[%emt 00:01:49]} 31. Ne2 {[%clk 00:38:36]} {[%emt 00:06:04]}
Qa4 {[%clk 00:23:08]} {[%emt 00:01:46]} 32. Nc3 {[%clk 00:38:02]} {[%emt
00:01:05]} Qd7 {[%clk 00:23:22]} {[%emt 00:00:14]} 1/2-1/2

[Event "Deutsche Ländermeisterschaft 2025"]
[Site "Oer-Erkenschwick GER"]
[Date "2025.10.03"]
[Round "5"]
[White "Haubold, Sebastian"]
[Black "Nunez Grégoire, Daniel"]
[Result "1-0"]
[Termination "normal"]
[Board "2.1"]
[WhiteElo "2153"]
[BlackElo "2245"]
[WhiteClock "00:10:47"]
[BlackClock "00:00:42"]
[WhiteTeam "Sachsen-Anhalt"]
[BlackTeam "Württemberg"]
[PlyCount "129"]
[WhiteFideId "16259637"]
[BlackFideId "34627103"]
[EventCountry "GER"]
[EventRounds "7"]
[EventType "team-swiss"]
[EventDate "2025.09.30"]

1. e4 {[%clk 01:30:42]} {[%emt 00:00:17]} e5 {[%clk 01:30:57]} {[%emt
00:00:04]} 2. Nf3 {[%clk 01:31:04]} {[%emt 00:00:07]} Nc6 {[%clk 01:31:23]}
{[%emt 00:00:04]} 3. Bb5 {[%clk 01:31:19]} {[%emt 00:00:16]} a6 {[%clk
01:31:47]} {[%emt 00:00:05]} 4. Ba4 {[%clk 01:31:45]} {[%emt 00:00:03]} Nf6
{[%clk 01:32:15]} {[%emt 00:00:02]} 5. O-O {[%clk 01:32:09]} {[%emt 00:00:07]}
b5 {[%clk 01:32:40]} {[%emt 00:00:05]} 6. Bb3 {[%clk 01:32:34]} {[%emt
00:00:04]} Bc5 {[%clk 01:33:02]} {[%emt 00:00:08]} 7. c3 {[%clk 01:33:01]}
{[%emt 00:00:03]} d6 {[%clk 01:33:07]} {[%emt 00:00:26]} 8. a4 {[%clk
01:33:21]} {[%emt 00:00:09]} Bb7 {[%clk 01:32:39]} {[%emt 00:00:58]} 9. d3
{[%clk 01:33:28]} {[%emt 00:00:23]} O-O {[%clk 01:30:12]} {[%emt 00:02:57]} 10.
Nbd2 {[%clk 01:33:19]} {[%emt 00:00:39]} Bb6 {[%clk 01:28:43]} {[%emt
00:01:59]} 11. h3 {[%clk 01:30:23]} {[%emt 00:03:25]} Ne7 {[%clk 01:27:47]}
{[%emt 00:01:28]} 12. Re1 {[%clk 01:28:17]} {[%emt 00:02:34]} Ng6 {[%clk
01:25:10]} {[%emt 00:03:09]} 13. Nf1 {[%clk 01:28:21]} {[%emt 00:00:25]} h6
{[%clk 01:19:55]} {[%emt 00:05:46]} 14. Ng3 {[%clk 01:24:34]} {[%emt 00:04:15]}
Re8 {[%clk 01:19:10]} {[%emt 00:01:16]} 15. Nh2 {[%clk 01:16:00]} {[%emt
00:09:02]} d5 {[%clk 01:16:27]} {[%emt 00:03:17]} 16. Qf3 {[%clk 01:09:45]}
{[%emt 00:06:40]} c5 {[%clk 01:12:00]} {[%emt 00:05:01]} 17. Ng4 {[%clk
01:03:44]} {[%emt 00:06:29]} Nxg4 {[%clk 01:11:33]} {[%emt 00:00:58]} 18. hxg4
{[%clk 01:02:35]} {[%emt 00:01:36]} c4 {[%clk 01:10:08]} {[%emt 00:01:58]} 19.
Bc2 {[%clk 01:00:30]} {[%emt 00:02:32]} d4 {[%clk 01:08:30]} {[%emt 00:02:10]}
20. Nf5 {[%clk 00:54:50]} {[%emt 00:06:08]} Nh4 {[%clk 01:06:27]} {[%emt
00:02:36]} 21. Qg3 {[%clk 00:49:24]} {[%emt 00:05:56]} Nxf5 {[%clk 01:06:22]}
{[%emt 00:00:35]} 22. gxf5 {[%clk 00:49:35]} {[%emt 00:00:17]} Qd6 {[%clk
01:05:13]} {[%emt 00:01:39]} 23. cxd4 {[%clk 00:45:29]} {[%emt 00:04:36]} Bxd4
{[%clk 01:04:39]} {[%emt 00:01:06]} 24. dxc4 {[%clk 00:45:33]} {[%emt
00:00:23]} bxc4 {[%clk 01:02:38]} {[%emt 00:02:34]} 25. Ra3 {[%clk 00:44:29]}
{[%emt 00:01:30]} Bc6 {[%clk 00:58:17]} {[%emt 00:04:55]} 26. Rf3 {[%clk
00:40:39]} {[%emt 00:04:18]} Qf6 {[%clk 00:56:39]} {[%emt 00:02:10]} 27. Qg4
{[%clk 00:35:23]} {[%emt 00:05:46]} Bc5 {[%clk 00:50:52]} {[%emt 00:06:19]} 28.
b3 {[%clk 00:31:54]} {[%emt 00:03:58]} Bb4 {[%clk 00:45:53]} {[%emt 00:05:29]}
29. Re2 {[%clk 00:30:27]} {[%emt 00:01:56]} c3 {[%clk 00:41:44]} {[%emt
00:04:42]} 30. Qh5 {[%clk 00:28:40]} {[%emt 00:02:15]} Ra7 {[%clk 00:34:09]}
{[%emt 00:08:06]} 31. g4 {[%clk 00:28:44]} {[%emt 00:00:25]} g5 {[%clk
00:32:22]} {[%emt 00:02:19]} 32. Qh2 {[%clk 00:25:51]} {[%emt 00:03:22]} Rd7
{[%clk 00:29:14]} {[%emt 00:03:39]} 33. Rh3 {[%clk 00:25:00]} {[%emt 00:01:20]}
Rd6 {[%clk 00:27:14]} {[%emt 00:02:31]} 34. Re1 {[%clk 00:21:54]} {[%emt
00:03:34]} Kg7 {[%clk 00:18:34]} 35. Kg2 {[%clk 00:21:02]} {[%emt 00:10:33]}
Rd4 {[%clk 00:13:17]} 36. Kg3 {[%clk 00:12:46]} {[%emt 00:14:34]} Red8 {[%clk
00:11:10]} 37. Rh5 {[%clk 00:12:05]} {[%emt 00:03:48]} Rd2 {[%clk 00:05:50]}
38. Bxd2 {[%clk 00:12:05]} cxd2 {[%clk 00:05:50]} 39. Rh1 {[%clk 00:12:05]}
d1=Q {[%clk 00:05:50]} 40. Rxd1 {[%clk 00:12:05]} Rxd1 {[%clk 00:05:50]} 41.
Bxd1 {[%clk 00:12:05]} Bxe4 {[%clk 00:05:50]} 42. f3 {[%clk 00:12:05]} Be1+
{[%clk 00:05:50]} 43. Kh3 {[%clk 00:12:05]} Bd3 {[%clk 00:05:50]} 44. Qg1
{[%clk 00:28:29]} {[%emt 00:31:05]} Bd2 {[%emt 00:06:49]} 45. Qf2 Bf4 {[%emt
00:01:03]} 46. Kg2 {[%clk 00:26:32]} {[%emt 00:01:50]} e4 {[%clk 00:24:09]} 47.
fxe4 {[%clk 00:26:51]} {[%emt 00:01:27]} Bxe4+ {[%clk 00:23:24]} 48. Bf3 {[%clk
00:26:59]} {[%emt 00:01:37]} Bxf3+ {[%clk 00:23:22]} 49. Qxf3 {[%clk 00:27:04]}
{[%emt 00:00:56]} Qb2+ {[%emt 00:03:39]} 50. Qf2 Qxb3 {[%clk 00:17:19]} {[%emt
00:03:27]} 51. Qd4+ {[%clk 00:22:52]} {[%emt 00:05:09]} f6 {[%clk 00:16:34]}
52. Rh3 {[%clk 00:19:15]} {[%emt 00:05:23]} Qc2+ {[%clk 00:16:07]} 53. Qf2
{[%clk 00:13:13]} {[%emt 00:07:29]} Qc6+ {[%clk 00:13:52]} 54. Kf1 {[%clk
00:11:52]} {[%emt 00:04:36]} Qxa4 {[%clk 00:13:01]} 55. Qa7+ {[%clk 00:12:03]}
{[%emt 00:01:40]} Kf8 {[%clk 00:12:34]} {[%emt 00:00:56]} 56. Qa8+ {[%clk
00:11:00]} {[%emt 00:01:34]} Ke7 {[%clk 00:09:59]} {[%emt 00:03:06]} 57. Qb7+
{[%clk 00:11:12]} {[%emt 00:00:17]} Qd7 {[%clk 00:08:44]} {[%emt 00:01:44]} 58.
Qxd7+ {[%clk 00:11:24]} {[%emt 00:00:19]} Kxd7 {[%clk 00:09:14]} {[%emt
00:00:01]} 59. Ra3 {[%clk 00:11:53]} {[%emt 00:00:01]} Kd6 {[%emt 00:09:02]}
60. Rxa6+ {[%clk 00:11:59]} {[%emt 00:00:20]} Ke5 {[%clk 00:01:11]} {[%emt
00:00:04]} 61. Re6+ {[%clk 00:11:56]} {[%emt 00:00:33]} Kd5 {[%clk 00:01:14]}
{[%emt 00:00:27]} 62. Rxf6 {[%clk 00:10:26]} {[%emt 00:02:00]} h5 {[%clk
00:01:30]} {[%emt 00:00:15]} 63. Ra6 {[%clk 00:09:57]} {[%emt 00:00:58]} hxg4
{[%clk 00:01:08]} {[%emt 00:00:53]} 64. f6 {[%clk 00:10:22]} {[%emt 00:00:05]}
Bd6 {[%clk 00:00:42]} {[%emt 00:00:55]} 65. f7 {[%clk 00:10:47]} {[%emt
00:00:05]} 1-0

[Event "Deutsche Ländermeisterschaft 2025"]
[Site "Oer-Erkenschwick GER"]
[Date "2025.10.03"]
[Round "5"]
[White "Yasmo, Daniil"]
[Black "Belin, Anton"]
[Result "1-0"]
[Termination "normal"]
[Board "2.2"]
[WhiteElo "2095"]
[BlackElo "2124"]
[WhiteClock "00:43:14"]
[BlackClock "00:15:47"]
[WhiteTeam "Württemberg"]
[BlackTeam "Sachsen-Anhalt"]
[PlyCount "127"]
[WhiteFideId "14199165"]
[BlackFideId "34610952"]
[EventCountry "GER"]
[EventRounds "7"]
[EventType "team-swiss"]
[EventDate "2025.09.30"]

1. e4 {[%clk 01:30:59]} c5 {[%clk 01:30:52]} {[%emt 00:00:08]} 2. Nf3 {[%clk
01:31:24]} {[%emt 00:00:05]} d6 {[%clk 01:31:14]} {[%emt 00:00:07]} 3. c4
{[%clk 01:31:48]} {[%emt 00:00:06]} Nf6 {[%clk 01:30:12]} {[%emt 00:01:32]} 4.
Nc3 {[%clk 01:32:13]} {[%emt 00:00:06]} Nc6 {[%clk 01:29:15]} {[%emt 00:01:28]}
5. d4 {[%clk 01:32:35]} {[%emt 00:00:07]} cxd4 {[%clk 01:28:10]} {[%emt
00:01:35]} 6. Nxd4 {[%clk 01:33:01]} {[%emt 00:00:04]} Nxd4 {[%clk 01:25:04]}
{[%emt 00:03:36]} 7. Qxd4 {[%clk 01:33:22]} {[%emt 00:00:08]} g6 {[%clk
01:23:40]} {[%emt 00:01:55]} 8. Be3 {[%clk 01:28:51]} {[%emt 00:05:01]} Bg7
{[%clk 01:19:57]} {[%emt 00:04:13]} 9. Be2 {[%clk 01:28:21]} {[%emt 00:00:59]}
O-O {[%clk 01:19:02]} {[%emt 00:01:26]} 10. Qd2 {[%clk 01:28:48]} {[%emt
00:00:02]} Be6 {[%clk 01:14:57]} {[%emt 00:04:35]} 11. O-O {[%clk 01:28:05]}
{[%emt 00:01:13]} Nd7 {[%clk 01:02:47]} {[%emt 00:12:41]} 12. Rad1 {[%clk
01:28:18]} {[%emt 00:00:17]} Rc8 {[%clk 00:57:52]} {[%emt 00:05:26]} 13. b3
{[%clk 01:28:24]} {[%emt 00:00:23]} a6 {[%clk 00:55:55]} {[%emt 00:02:28]} 14.
Nd5 {[%clk 01:27:22]} {[%emt 00:01:32]} Nc5 {[%clk 00:50:25]} {[%emt 00:06:00]}
15. Bd3 {[%clk 01:23:23]} {[%emt 00:04:27]} Bxd5 {[%clk 00:47:51]} {[%emt
00:03:06]} 16. exd5 {[%clk 01:23:33]} {[%emt 00:00:19]} Nxd3 {[%clk 00:47:32]}
{[%emt 00:00:49]} 17. Qxd3 {[%clk 01:23:57]} {[%emt 00:00:05]} Qa5 {[%clk
00:47:02]} {[%emt 00:01:01]} 18. Bg5 {[%clk 01:18:33]} {[%emt 00:05:54]} Rfe8
{[%clk 00:45:10]} {[%emt 00:02:23]} 19. a4 {[%clk 01:18:50]} {[%emt 00:00:13]}
b5 {[%clk 00:39:08]} {[%emt 00:06:32]} 20. cxb5 {[%clk 01:12:44]} {[%emt
00:06:36]} axb5 {[%clk 00:39:11]} {[%emt 00:00:27]} 21. Qxb5 {[%clk 01:07:26]}
{[%emt 00:05:47]} Qxb5 {[%clk 00:38:48]} {[%emt 00:00:54]} 22. axb5 {[%clk
01:07:50]} {[%emt 00:00:05]} Rb8 {[%clk 00:38:19]} {[%emt 00:01:00]} 23. Rfe1
{[%clk 01:07:39]} {[%emt 00:00:41]} Kf8 {[%clk 00:36:10]} {[%emt 00:02:40]} 24.
Rd3 {[%clk 01:00:59]} {[%emt 00:07:09]} Rxb5 {[%clk 00:34:57]} {[%emt
00:01:43]} 25. Kf1 {[%clk 01:01:03]} {[%emt 00:00:26]} e5 {[%clk 00:31:47]}
{[%emt 00:03:41]} 26. f3 {[%clk 00:58:18]} {[%emt 00:03:15]} Reb8 {[%clk
00:28:55]} {[%emt 00:03:21]} 27. Rb1 {[%clk 00:55:12]} {[%emt 00:03:36]} h6
{[%clk 00:27:16]} {[%emt 00:02:10]} 28. Bd2 {[%clk 00:54:42]} {[%emt 00:01:00]}
f5 {[%clk 00:26:03]} {[%emt 00:01:42]} 29. Ke2 {[%clk 00:52:27]} {[%emt
00:02:45]} Kg8 {[%clk 00:21:36]} {[%emt 00:04:57]} 30. b4 {[%clk 00:50:45]}
{[%emt 00:02:12]} h5 {[%clk 00:15:40]} {[%emt 00:06:26]} 31. Rc1 {[%clk
00:49:33]} {[%emt 00:01:42]} Kh7 {[%clk 00:11:42]} {[%emt 00:04:28]} 32. Rc4
{[%clk 00:48:28]} {[%emt 00:01:35]} Re8 {[%clk 00:11:10]} {[%emt 00:01:02]} 33.
Rb3 {[%clk 00:47:08]} {[%emt 00:01:49]} Reb8 {[%clk 00:10:41]} {[%emt
00:00:59]} 34. Rd3 {[%clk 00:46:05]} {[%emt 00:01:34]} Re8 {[%clk 00:11:05]}
{[%emt 00:00:06]} 35. Ra3 {[%clk 00:45:11]} {[%emt 00:01:23]} Rxd5 {[%clk
00:09:31]} {[%emt 00:02:04]} 36. Ra5 {[%clk 00:45:37]} {[%emt 00:00:04]} Rd4
{[%clk 00:08:16]} {[%emt 00:01:45]} 37. Rxd4 {[%clk 00:45:44]} {[%emt
00:00:23]} exd4+ {[%clk 00:08:40]} {[%emt 00:00:05]} 38. Kd3 {[%clk 00:46:07]}
{[%emt 00:00:06]} Rb8 {[%clk 00:06:06]} {[%emt 00:03:04]} 39. Rd5 {[%clk
00:44:45]} {[%emt 00:01:52]} Rb6 {[%clk 00:05:01]} {[%emt 00:01:35]} 40. b5
{[%clk 00:44:43]} {[%emt 00:00:33]} Kg8 {[%clk 00:03:49]} {[%emt 00:01:42]} 41.
Ba5 {[%clk 00:44:47]} {[%emt 00:00:25]} Rb7 {[%clk 00:03:46]} {[%emt 00:00:34]}
42. b6 {[%clk 00:44:40]} {[%emt 00:00:37]} Be5 {[%clk 00:03:21]} {[%emt
00:00:54]} 43. Kc4 {[%clk 00:43:21]} {[%emt 00:01:49]} Kf7 {[%clk 00:02:37]}
{[%emt 00:01:14]} 44. Kb5 {[%emt 00:00:36]} Ke6 {[%clk 00:02:26]} {[%emt
00:00:39]} 45. Kc6 {[%clk 00:43:24]} {[%emt 00:00:22]} Rb8 {[%clk 00:02:28]}
{[%emt 00:00:28]} 46. Rb5 {[%clk 00:41:38]} {[%emt 00:02:16]} Rc8+ {[%clk
00:02:25]} {[%emt 00:00:33]} 47. Kb7 {[%clk 00:42:04]} {[%emt 00:00:04]} Rc5
{[%clk 00:02:24]} {[%emt 00:00:31]} 48. Ka6 {[%clk 00:36:30]} {[%emt 00:06:05]}
Rxb5 {[%clk 00:02:18]} {[%emt 00:00:35]} 49. Kxb5 {[%clk 00:36:55]} {[%emt
00:00:04]} d5 {[%clk 00:29:58]} {[%emt 00:02:51]} 50. Bd2 {[%clk 01:01:19]}
{[%emt 00:06:06]} d3 {[%clk 00:27:00]} {[%emt 00:03:29]} 51. f4 {[%clk
00:51:02]} {[%emt 00:10:46]} Bd6 {[%clk 00:26:08]} {[%emt 00:01:22]} 52. Kc6
{[%clk 00:51:17]} {[%emt 00:00:15]} d4 {[%clk 00:25:54]} {[%emt 00:00:45]} 53.
h4 {[%clk 00:50:39]} {[%emt 00:01:07]} Bb8 {[%clk 00:25:19]} {[%emt 00:01:05]}
54. g3 {[%clk 00:49:34]} {[%emt 00:01:35]} Bd6 {[%clk 00:25:28]} {[%emt
00:00:20]} 55. Ba5 {[%clk 00:49:50]} {[%emt 00:00:14]} Bb8 {[%clk 00:25:05]}
{[%emt 00:00:54]} 56. Bb4 {[%clk 00:48:37]} {[%emt 00:01:43]} g5 {[%clk
00:22:10]} {[%emt 00:03:25]} 57. hxg5 {[%clk 00:48:23]} {[%emt 00:00:44]} h4
{[%clk 00:22:02]} {[%emt 00:00:38]} 58. gxh4 {[%clk 00:48:07]} {[%emt
00:00:46]} Bxf4 {[%clk 00:22:26]} {[%emt 00:00:05]} 59. b7 {[%clk 00:44:53]}
{[%emt 00:03:44]} Bb8 {[%clk 00:17:24]} {[%emt 00:05:32]} 60. Kc5 {[%clk
00:42:39]} {[%emt 00:02:44]} Ba7+ {[%clk 00:15:07]} {[%emt 00:02:47]} 61. Kc4
{[%clk 00:42:50]} {[%emt 00:00:20]} f4 {[%clk 00:15:05]} {[%emt 00:00:32]} 62.
Kxd3 {[%clk 00:43:08]} {[%emt 00:00:12]} f3 {[%clk 00:15:29]} {[%emt 00:00:05]}
63. Be1 {[%clk 00:43:10]} {[%emt 00:00:27]} Kf5 {[%clk 00:15:47]} {[%emt
00:00:12]} 64. Bf2 {[%clk 00:43:14]} {[%emt 00:00:27]} 1-0